000 00297nam a22001337a 4500
020 _a978-93-83080-54-0
082 _a894.812
_bKRI/M
100 _aS.KRISHNAKUMAR
245 _aMALAYALAM RACHANAPADAVALI
260 _aTHRICHUR
_bH & C BOOKS
_c2013
300 _a156
650 _zKERALA
942 _cBK
999 _c1051
_d1051